00770nam a2200217 i 450000100060000000300090000600500170001500700030003200800410003510000320007624501170010825000120022526000320023730000400026965000230030970000310033270000280036385200220039199900170041395201220043065042ES-MaACL20230906165303.0t|040108s1973 sp |||| | spa d1 aFrankel, Víctor H.95232310aBiomecánica ortopédica / cVíctor H. Frankel, Albert H. Burstein ; versión revisada por A. Jornet Cases. a1ª ed. aBarcelona : bJims, c1973. a198 p., 2 lám. : bil. ; c22 cm. 4aOrtopedia.91528521 aBurstein, Albert H.9327801 aJornet Cases, A.966960 aES-MaACLjC-55604 c65042d65042 00104070aATENEOMbATENEOMcDEPO2d2008-01-17eSCl0oC-55604p1068147r2023-02-23 00:00:00w2023-02-23yMONOGRAFIA